Marketing (Record no. 350084)

000 -LEADER
fixed length control field 00505nam a22002057a 4500
003 - CONTROL NUMBER IDENTIFIER
control field OSt
005 - DATE AND TIME OF LATEST TRANSACTION
control field 20180116183007.0
008 - FIXED-LENGTH DATA ELEMENTS--GENERAL INFORMATION
fixed length control field 150810b xxu||||| |||| 00| 0 eng d
020 ## - INTERNATIONAL STANDARD BOOK NUMBER
International Standard Book Number 9788131520796
040 ## - CATALOGING SOURCE
Transcribing agency 0
082 ## - DEWEY DECIMAL CLASSIFICATION NUMBER
Classification number 658.804 HUT 2014
100 ## - MAIN ENTRY--PERSONAL NAME
Personal name Michael D. Hutt
245 ## - TITLE STATEMENT
Title Marketing
Remainder of title A South-Asian Perspective
Statement of responsibility, etc. Michael D. Hutt
250 ## - EDITION STATEMENT
Edition statement 11th
260 ## - PUBLICATION, DISTRIBUTION, ETC.
Place of publication, distribution, etc. India
Name of publisher, distributor, etc. Cengage
Date of publication, distribution, etc. 2014
300 ## - PHYSICAL DESCRIPTION
Extent 522 P.
Other physical details PB
440 ## - SERIES STATEMENT/ADDED ENTRY--TITLE
Title Marketing
600 ## - SUBJECT ADDED ENTRY--PERSONAL NAME
Personal name Michael D. Hutt
942 ## - ADDED ENTRY ELEMENTS (KOHA)
Source of classification or shelving scheme
Koha item type Book
Holdings
Withdrawn status Lost status Source of classification or shelving scheme Damaged status Not for loan Collection code Permanent Location Current Location Shelving location Date acquired Total Checkouts Total Renewals Full call number Barcode Date last seen Date last checked out Price effective from Koha item type
            Central Library (CL) Central Library (CL) General Stacks 08/10/2015 2 1 658.804 HUT 2014 NBS9326 03/12/2019 02/23/2019 08/10/2015 Book
© 2023 Central Library, National University of Sciences and Technology. All Rights Reserved.